Caryyapada (Record no. 3653)

MARC details
000 -LEADER
fixed length control field 00419cam a2200181ua 4500
008 - FIXED-LENGTH DATA ELEMENTS--GENERAL INFORMATION
fixed length control field 111222n ii |||gr||||Z||||||asm
040 ## - CATALOGING SOURCE
Transcribing agency MAIN
082 ## - DEWEY DECIMAL CLASSIFICATION NUMBER
Classification number 780
100 ## - MAIN ENTRY--PERSONAL NAME
Personal name Hazarika, Parikshit,
245 11 - TITLE STATEMENT
Title Caryyapada
Statement of responsibility, etc. by Parikshit Hazarika
250 ## - EDITION STATEMENT
Edition statement 7th.
260 ## - PUBLICATION, DISTRIBUTION, ETC.
Place of publication, distribution, etc. Guwahati:
Name of publisher, distributor, etc. Dalimi Prakashan,
Date of publication, distribution, etc. 2007.
300 ## - PHYSICAL DESCRIPTION
Extent 270p:
Dimensions 23cm.
942 ## - ADDED ENTRY ELEMENTS (KOHA)
Koha item type Books
653 ## - INDEX TERM--UNCONTROLLED
Uncontrolled term Music
653 ## - INDEX TERM--UNCONTROLLED
Uncontrolled term Caryyapada
Holdings
Withdrawn status Lost status Damaged status Not for loan Home library Current library Shelving location Date acquired Total Checkouts Full call number Barcode Date last seen Date last checked out Copy number Price effective from Koha item type Date due
        Central Library, Naharkatiya College Central Library, Naharkatiya College General Stacks 19/09/2020 12 780 | HAZ 18099 06/04/2026 25/03/2026 3 19/09/2020 Books  
        Central Library, Naharkatiya College Central Library, Naharkatiya College General Stacks 19/09/2020 8 780 | HAZ 18100 23/04/2026 07/04/2026 2 19/09/2020 Books  
        Central Library, Naharkatiya College Central Library, Naharkatiya College General Stacks 19/09/2020 13 780 | HAZ 18101 23/04/2026 06/04/2026 4 19/09/2020 Books  
        Central Library, Naharkatiya College Central Library, Naharkatiya College General Stacks 19/09/2020 12 780 | HAZ 18102 27/03/2026 27/03/2026 1 19/09/2020 Books 20/04/2026
        Central Library, Naharkatiya College Central Library, Naharkatiya College General Stacks 19/09/2020 1 780 | HAZ 18103 21/01/2022 14/12/2021 5 19/09/2020 Books  

Naharkatiya College © 2020. All rights reserved.

Powered By